Riddles #1 - Statistics

General Stats
  • This quiz has been taken 71 times
  • The average score is 3 of 6
Answer Stats
Hint Answer % Correct
I drink the light with a thousand veins,I dance in the wind and I bathe in the rains. I am the factory built of green, Working in silence, largely unseen. In the heat of the summer, I offer shade, But I’m gold and brittle when the blossoms fade. I fall from my home when the year grows old, To carpet the earth in a graveyard of gold. What am I? Leaf
89%
I was born in the fire of a hollow stone,A purple king on a jagged throne. Once more precious than the emerald’s green, Until the mines of the south were seen. I am the "sober stone" of ancient lore, To keep the wine from reaching the floor. Born of quartz but stained by the sun, The violet prize when the digging is done. What am I? Amethyst
56%
I have thousands of arms but no hands, and I bleed ice into the salt. I am the land where the sun forgets to sleep in June and forgets to wake in December. My spine is made of stone, carved by giants who left deep, watery scars that never heal.I am the birthplace of a prize for peace, yet I am guarded by the "Screams" of a painter and the iron of ancient ships. What am I? Norway
36%
I sit upon a threshold where the seas and spirits meet,With rhythms of the Aksak pulse and drums beneath the feet. My Ney is carved of hollow reed to wail a lonely song, While across the Bosphorus, the current pulls along. I share a name with feathered prey upon a silver plate, But I am built of minarets and keys to Europe’s gate. I took the crown of Rome’s last stand, a triumph bold and great, When Constantinople fell to me in fourteen-fifty-three. Turkey
36%
I have a life but no breath, a tongue but no voice. I am built of layers but have no skin. I thrive on the clever and starve in the dull; the more you give me away, the more I grow in the minds of others.I am a labyrinth built of ink or air, A tangled path that leads to nowhere. I wear a mask of metaphor and craft, To make the wise look foolish, or the somber laugh. I am a lock that has no key, Until your wit sets the meaning free. I am born in a question, and I die in the light, When the truth of my name is finally in sight. What am I? Riddle
23%
I drink the rain from 31 states but never quench my thirst,A realm of "floating islands" where the water is dispersed. I am the graveyard of the oak, where Spanish Moss hangs gray, A labyrinth of cypress knees where shadows hide the day. I am the Liturgy of Mud, the slow and emerald sink, Where heavy air and brackish tides bring giants to the brink. I’m the cradle of the gator’s nest, a sunless, soggy floor, I am the land that’s not quite land, and sea that’s not yet shore. What am I? Swamp
22%
No matching quizzes found
Score Distribution
Percent of People with Each Score
Percentile by Number Answered
Your Score History
You have not taken this quiz